[Event "Europa ch s-18"]
[Site "Herceg Novi MNT"]
[Date "2008.09.17"]
[Round "3.23"]
[White "Kulakov, Viacheslav"]
[Black "Vukcevic, Nemanja"]
[Result "1-0"]
[WhiteElo "2360"]
[BlackElo "1884"]
[PlyCount "27"]
[EventDate "2008.09.15"]
[EventType "swiss"]
[EventRounds "9"]
[Source "lmi"]
[SourceDate "2008.09.15"]

1. d4 Nf6 2. c4 g6 3. Nc3 d5 4. cxd5 Nxd5 5. Bd2 Bg7 6. e4 Nb6 7. Be3 O-O 8.
Be2 Nc6 9. d5 Na5 10. Bd4 Qd6 11. Nf3 Nac4 12. Bxg7 Kxg7 13. Bxc4 Nxc4 14. Qd4+
1-0

[Event "Europa ch s-18"]
[Site "Herceg Novi MNT"]
[Date "2008.09.17"]
[Round "3.24"]
[White "Vajic, Goran"]
[Black "Blomqvist, Erik"]
[Result "0-1"]
[WhiteElo "2061"]
[BlackElo "2322"]
[PlyCount "96"]
[EventDate "2008.09.15"]
[EventType "swiss"]
[EventRounds "9"]
[Source "lmi"]
[SourceDate "2008.09.15"]

1. e4 c5 2. Nf3 d6 3. d4 cxd4 4. Nxd4 Nf6 5. Nc3 a6 6. Be2 e5 7. Nb3 Be7 8. O-O
O-O 9. Be3 Be6 10. Qd2 Nbd7 11. Rad1 b5 12. f3 Nb6 13. Kh1 Qc7 14. Bxb6 Qxb6
15. Nd5 Nxd5 16. exd5 Bd7 17. f4 Bf6 18. f5 Rfe8 19. c3 a5 20. Bd3 a4 21. Nc1
e4 22. Bb1 b4 23. c4 b3 24. axb3 axb3 25. Rde1 e3 26. Qe2 Qd4 27. Nxb3 Qxb2 28.
Qxb2 Bxb2 29. Re2 Bc3 30. Rc1 Bb4 31. g3 Ra3 32. Nd4 Bd2 33. Rd1 Rc3 34. Nf3
Ba4 35. Rf1 Bc1 36. Ba2 Ba3 37. f6 g6 38. Kg2 Bc2 39. Bb1 Bb3 40. Ba2 Bxc4 41.
Bxc4 Rxc4 42. Rb1 Bb4 43. Rb3 Bc5 44. Rb7 h6 45. Rd7 Rb4 46. h3 g5 47. g4 Rf4
48. h4 Rxg4+ 0-1

[Event "Europa ch s-18"]
[Site "Herceg Novi MNT"]
[Date "2008.09.17"]
[Round "3.26"]
[White "Green, Andrew D"]
[Black "Nemes, Silviu-Virgil"]
[Result "0-1"]
[WhiteElo "2038"]
[BlackElo "2273"]
[PlyCount "96"]
[EventDate "2008.09.15"]
[EventType "swiss"]
[EventRounds "9"]
[Source "lmi"]
[SourceDate "2008.09.15"]

1. e4 c5 2. Nf3 d6 3. d4 cxd4 4. Nxd4 Nf6 5. Nc3 Nc6 6. Be3 e5 7. Nf3 Be7 8.
Bc4 O-O 9. O-O Be6 10. Qe2 Na5 11. Bb3 h6 12. h3 Qc8 13. Rfd1 Nc4 14. Bc1 a6
15. a4 Qc5 16. Nh2 b5 17. Ng4 Nxg4 18. hxg4 Bg5 19. Bxg5 hxg5 20. Bxc4 bxc4 21.
Nd5 Rfb8 22. Rab1 a5 23. b3 cxb3 24. cxb3 Rb7 25. Rbc1 Qa3 26. Rc6 Bxd5 27.
Rxd5 Rxb3 28. Rcxd6 Qxa4 29. Qd1 Rab8 30. Rd8+ Rxd8 31. Rxd8+ Kh7 32. Qd5 Qa1+
33. Kh2 Qd4 34. Qxd4 exd4 35. Rxd4 Rb4 36. Rd5 a4 37. f3 f6 38. Ra5 Kg6 39. Ra7
Rd4 40. Kg3 Rb4 41. Kf2 Rb2+ 42. Ke3 Ra2 43. g3 a3 44. Kd3 Rg2 45. Ke3 Ra2 46.
Kd3 Ra1 47. Ke3 a2 48. Kf2 Rh1 0-1

[Event "Europa ch s-18"]
[Site "Herceg Novi MNT"]
[Date "2008.09.17"]
[Round "3.27"]
[White "Gutenev, Alexander"]
[Black "Hansen, Martin"]
[Result "0-1"]
[WhiteElo "2280"]
[BlackElo "2128"]
[PlyCount "126"]
[EventDate "2008.09.15"]
[EventType "swiss"]
[EventRounds "9"]
[Source "lmi"]
[SourceDate "2008.09.15"]

1. e4 e5 2. Nf3 Nc6 3. Bb5 a6 4. Ba4 Nf6 5. O-O Be7 6. Re1 b5 7. Bb3 d6 8. c3
O-O 9. h3 Na5 10. Bc2 c5 11. d4 Qc7 12. Nbd2 cxd4 13. cxd4 Nc6 14. d5 Nb4 15.
Bb1 a5 16. a3 Na6 17. b4 axb4 18. axb4 Bd7 19. Qb3 Rfc8 20. Bb2 Qb7 21. Bd3 Nh5
22. Nb1 Nf4 23. Bf1 Nc7 24. Nfd2 Rxa1 25. Bxa1 Na8 26. Nc3 Nb6 27. Kh2 Na4 28.
g3 Nxc3 29. Bxc3 Qa7 30. Re3 Ng6 31. Nb1 Bd8 32. Re2 Bb6 33. Ra2 Qc7 34. Bd3
Qb7 35. Na3 Bd4 36. Rc2 Bxc3 37. Rxc3 Qb6 38. Rxc8+ Bxc8 39. Kg2 Bd7 40. Qc3
Ne7 41. Nc2 Qb7 42. Qa3 h6 43. Qa5 Qc8 44. Na3 Bxh3+ 45. Kh2 Qg4 46. Nc2 Qf3
47. Ne3 Qxf2+ 48. Kxh3 Qxe3 49. Qd8+ Kh7 50. Qxe7 Qxd3 51. Qxf7 Qxe4 52. Qe6
Qh1+ 53. Kg4 Qe4+ 54. Kh3 h5 55. Kh2 Qc2+ 56. Kg1 Qg6 57. Qd7 Qxg3+ 58. Kh1
Qf3+ 59. Kh2 Qxd5 60. Qf5+ g6 61. Qg5 Qa2+ 62. Kg3 Qe6 63. Kh2 d5 0-1

[Event "Europa ch s-18"]
[Site "Herceg Novi MNT"]
[Date "2008.09.17"]
[Round "3.28"]
[White "Pavlidis, Anastasios"]
[Black "Thorgeirsson, Sverrir"]
[Result "1-0"]
[WhiteElo "2270"]
[BlackElo "2102"]
[PlyCount "53"]
[EventDate "2008.09.15"]
[EventType "swiss"]
[EventRounds "9"]
[Source "lmi"]
[SourceDate "2008.09.15"]

1. d4 d5 2. c4 c6 3. Nf3 e6 4. e3 Nf6 5. Nbd2 Nbd7 6. Bd3 Bd6 7. e4 e5 8. cxd5
cxd5 9. O-O O-O 10. exd5 exd4 11. Nc4 Nc5 12. Nxd6 Qxd6 13. Bc4 Nxd5 14. Qxd4
Rd8 15. Rd1 Be6 16. Ng5 Qb6 17. Qh4 Nf6 18. Be3 Qb4 19. Rxd8+ Rxd8 20. Nxf7
Qxb2 21. Nxd8 Qxa1+ 22. Bf1 Bg4 23. f3 Qc3 24. Qf2 Nd3 25. Bd4 Qa3 26. Qc2 Qb4
27. Qxd3 1-0

[Event "Europa ch s-18"]
[Site "Herceg Novi MNT"]
[Date "2008.09.17"]
[Round "3.31"]
[White "Sarenac, David"]
[Black "Acarbay, Aydin"]
[Result "1-0"]
[WhiteElo "2222"]
[BlackElo "1825"]
[PlyCount "83"]
[EventDate "2008.09.15"]
[EventType "swiss"]
[EventRounds "9"]
[Source "lmi"]
[SourceDate "2008.09.15"]

1. e4 c5 2. Ne2 d6 3. d4 cxd4 4. Nxd4 Nf6 5. f3 a6 6. c4 e6 7. Nc3 Be7 8. Be2
O-O 9. Be3 Nbd7 10. O-O Qc7 11. Qd2 b6 12. Rfc1 Bb7 13. a4 Rac8 14. a5 Rfd8 15.
Bf1 Re8 16. Qf2 bxa5 17. Nb3 Qb8 18. Nxa5 Ba8 19. Ba7 Qc7 20. Bd4 Rb8 21. Rcb1
Rb4 22. Ra3 d5 23. exd5 exd5 24. Na2 Rbb8 25. b4 Bd6 26. Qh4 dxc4 27. Nxc4 Ne5
28. Nxd6 Qxd6 29. Rxa6 Qd5 30. Qf2 Rbd8 31. Bb6 Rc8 32. b5 Nc4 33. Bd4 Nh5 34.
Nc3 Qg5 35. Rxa8 Rxa8 36. Bxc4 Rac8 37. Bf1 Nf4 38. Qg3 Qh6 39. Ne4 Ne6 40.
Nf6+ Kh8 41. Nxe8 Nxd4 42. Nd6 1-0

[Event "Europa ch s-18"]
[Site "Herceg Novi MNT"]
[Date "2008.09.17"]
[Round "3.35"]
[White "Homatidis, Panagiotis"]
[Black "Plaskan, Jure"]
[Result "1-0"]
[WhiteElo "2037"]
[BlackElo "2149"]
[PlyCount "69"]
[EventDate "2008.09.15"]
[EventType "swiss"]
[EventRounds "9"]
[Source "lmi"]
[SourceDate "2008.09.15"]

1. e4 c5 2. Nf3 d6 3. d4 cxd4 4. Nxd4 Nf6 5. f3 e5 6. Nb3 d5 7. Bg5 Be6 8. Bxf6
gxf6 9. exd5 Qxd5 10. Qxd5 Bxd5 11. Nc3 Bc6 12. O-O-O Bh6+ 13. Kb1 O-O 14. Rd6
Kg7 15. Nc5 Be3 16. N5e4 Nd7 17. Bb5 Bxb5 18. Nxb5 Nc5 19. Nxf6 Ne6 20. Nd7
Rfc8 21. Re1 Bf2 22. Rxe5 Rc6 23. Rd2 Bg1 24. g3 Rd8 25. Re1 Bxh2 26. Rxh2 Rxd7
27. f4 a6 28. Nc3 Nd4 29. Rd1 Rcd6 30. Ne4 Rd5 31. c4 Nf3 32. Rxh7+ Kxh7 33.
cxd5 Kg6 34. Nc5 Re7 35. d6 1-0

[Event "Europa ch s-18"]
[Site "Herceg Novi MNT"]
[Date "2008.09.17"]
[Round "3.36"]
[White "Bomans, Arno"]
[Black "Rahmanov, Shakhiyar"]
[Result "0-1"]
[WhiteElo "2020"]
[BlackElo "2145"]
[PlyCount "46"]
[EventDate "2008.09.15"]
[EventType "swiss"]
[EventRounds "9"]
[Source "lmi"]
[SourceDate "2008.09.15"]

1. d4 Nf6 2. Nf3 g6 3. h3 Bg7 4. Bf4 d6 5. e3 O-O 6. Be2 Nbd7 7. O-O c5 8. c3
b6 9. Nbd2 Bb7 10. Bh2 a6 11. a4 Rc8 12. Ne1 Re8 13. Bf3 d5 14. Nc2 e5 15. Nc4
cxd4 16. Nd6 d3 17. Ne1 Bc6 18. Bg4 e4 19. Nxe8 Qxe8 20. Nxd3 Nxg4 21. hxg4
exd3 22. Qxd3 Nc5 23. Qd2 Nb3 0-1

[Event "Europa ch s-18"]
[Site "Herceg Novi MNT"]
[Date "2008.09.18"]
[Round "4.1"]
[White "Swiercz, Dariusz"]
[Black "Panocki, Adrian"]
[Result "1/2-1/2"]
[WhiteElo "2456"]
[BlackElo "2338"]
[PlyCount "203"]
[EventDate "2008.09.15"]
[EventType "swiss"]
[EventRounds "9"]
[Source "lmi"]
[SourceDate "2008.09.15"]

1. e4 c5 2. Nf3 d6 3. d4 cxd4 4. Nxd4 Nf6 5. Nc3 a6 6. Bg5 e6 7. f4 Qb6 8. Qd2
Nc6 9. Bxf6 gxf6 10. Nb3 Bd7 11. O-O-O O-O-O 12. Be2 h5 13. Rhf1 Kb8 14. Kb1
Be7 15. Rf3 Rdg8 16. Bf1 Rc8 17. Rd3 Rcd8 18. Rh3 Na5 19. Qe2 Nxb3 20. axb3 Qc5
21. f5 h4 22. Qe1 Qe5 23. Rxh4 Bc6 24. Qf2 Rxh4 25. Qxh4 exf5 26. exf5 Qxf5 27.
Re1 Re8 28. Bc4 d5 29. Bd3 Qg5 30. Qd4 Qxg2 31. Bxa6 bxa6 32. Qb6+ Bb7 33. Rxe7
Rxe7 34. Qd8+ Ka7 35. Qxe7 Qxh2 36. Qxf6 Qg1+ 37. Ka2 Qg6 38. Qf2+ Ka8 39. Na4
Qe6 40. Qh4 f5 41. Qh8+ Ka7 42. Qg7 Qd6 43. Qd4+ Kb8 44. Nc5 Ka8 45. Nd3 Qe6
46. Qh8+ Ka7 47. Qg7 Qe4 48. Qf7 Kb8 49. Nc5 Qb4 50. Nxb7 Qxb7 51. Qxf5 Qc6 52.
Kb1 Kb7 53. Qf7+ Kb6 54. Qf2+ Kb7 55. Qd4 Qe6 56. Ka2 Qc6 57. Qb4+ Ka7 58. Kb1
Qe6 59. c3 Qe1+ 60. Ka2 Qe6 61. Ka3 Qc6 62. Qd4+ Kb7 63. b4 Qb5 64. Qg7+ Kb6
65. Qf6+ Kb7 66. Qe7+ Kb6 67. Qe3+ Kb7 68. Kb3 Qc4+ 69. Kc2 Qb5 70. Kd2 Qc4 71.
Kc2 Qb5 72. b3 Qd7 73. Kd2 Qf7 74. Ke2 Qf5 75. Kd2 Qh5 76. Qe7+ Kb6 77. Qe2 Qf5
78. Qe3+ Kb7 79. Kc1 Qd7 80. Qe5 Qf7 81. Kd2 Kc6 82. Ke3 Qg6 83. Kf4 Qf7+ 84.
Ke3 Qg6 85. Kd2 Qf7 86. Qd4 Kb7 87. Ke3 Qe6+ 88. Kd2 Qf5 89. Kc1 Qf1+ 90. Kb2
Qg2+ 91. Ka3 Qh1 92. b5 axb5 93. Kb4 Qe4 94. Kxb5 Qe8+ 95. Kb4 Qe7+ 96. Qc5 Qe6
97. Qb5+ Kc7 98. Qc5+ Kb7 99. Ka3 Qa6+ 100. Kb2 Qe2+ 101. Ka3 Qa6+ 102. Kb4
1/2-1/2

[Event "Europa ch s-18"]
[Site "Herceg Novi MNT"]
[Date "2008.09.18"]
[Round "4.3"]
[White "Benidze, Davit"]
[Black "Salgado Lopez, Ivan"]
[Result "1/2-1/2"]
[WhiteElo "2389"]
[BlackElo "2532"]
[PlyCount "101"]
[EventDate "2008.09.15"]
[EventType "swiss"]
[EventRounds "9"]
[Source "lmi"]
[SourceDate "2008.09.15"]

1. d4 Nf6 2. c4 e6 3. Nf3 d5 4. g3 dxc4 5. Bg2 a6 6. O-O Nc6 7. a4 Rb8 8. Na3
Na5 9. Qc2 b5 10. axb5 Nb3 11. Ne5 Nxa1 12. Qxc4 Rb6 13. Bc6+ Nd7 14. d5 Bxa3
15. dxe6 fxe6 16. bxa3 O-O 17. Qxe6+ Kh8 18. Bb2 Nxe5 19. Qxe5 Qf6 20. Qxf6
gxf6 21. Rxa1 axb5 22. Rc1 Be6 23. Bd4 Rbb8 24. Ba7 Rbc8 25. Bxb5 Bd5 26. Bc5
Rf7 27. Bd3 Ra8 28. Bb4 Kg7 29. f3 Rd7 30. Kf2 Rf7 31. Rd1 Be6 32. Rc1 Bd5 33.
Bf5 Ra6 34. Rc5 Be6 35. Bd3 Ra7 36. g4 Rd7 37. Rh5 Bg8 38. g5 Rxd3 39. exd3 Kg6
40. Rh4 fxg5 41. Rd4 Be6 42. Rd8 Rb7 43. Re8 Bf5 44. Rg8+ Kh5 45. d4 c6 46. Rf8
Kg6 47. Kg3 Be6 48. Re8 Bd5 49. Re3 h5 50. f4 Rg7 51. fxg5 1/2-1/2

[Event "Europa ch s-18"]
[Site "Herceg Novi MNT"]
[Date "2008.09.18"]
[Round "4.4"]
[White "Can, Emre"]
[Black "Hayrapetian, Ovik"]
[Result "1-0"]
[WhiteElo "2460"]
[BlackElo "2367"]
[PlyCount "153"]
[EventDate "2008.09.15"]
[EventType "swiss"]
[EventRounds "9"]
[Source "lmi"]
[SourceDate "2008.09.15"]

1. e4 c5 2. Nf3 e6 3. c3 Nf6 4. e5 Nd5 5. d4 cxd4 6. cxd4 d6 7. Bc4 Nb6 8. Bd3
dxe5 9. dxe5 Na6 10. Qe2 Nc5 11. Bc2 Nd5 12. O-O Bd7 13. Nc3 Nxc3 14. bxc3 Be7
15. Rd1 Qc7 16. Bg5 Bxg5 17. Nxg5 h6 18. Qh5 O-O 19. Nh7 Rfd8 20. Rd4 Ba4 21.
Nf6+ Kf8 22. Bxa4 Rxd4 23. cxd4 Nxa4 24. Ne4 Nb6 25. g4 Nd5 26. g5 Qc2 27. Re1
Nf4 28. Qf3 hxg5 29. h4 Qd3 30. Re3 Qb1+ 31. Kh2 Kg8 32. Rb3 Qa1 33. hxg5 Ng6
34. Rxb7 Rf8 35. Rd7 Qxa2 36. Nd6 Nh4 37. Qf4 Ng6 38. Qf3 Nh4 39. Qg3 Ng6 40.
Qe3 a5 41. Ne4 Qa4 42. Ra7 Nh4 43. Nd6 Qd1 44. Rxa5 Qg4 45. Qg3 Qh5 46. Ra3 Rb8
47. Ra1 Rb3 48. Qxb3 Nf3+ 49. Kg3 Qh2+ 50. Kxf3 Qh3+ 51. Kf4 Qxb3 52. g6 fxg6
53. Ra8+ Kh7 54. Nf7 g5+ 55. Kxg5 g6 56. Nd6 Qd3 57. Ra7+ Kg8 58. Kf6 Qxd4 59.
Rg7+ Kf8 60. Rf7+ Kg8 61. Rg7+ Kf8 62. Rf7+ Kg8 63. Kxe6 g5 64. Rf5 g4 65. Kf6
Kf8 66. Ke6+ Kg8 67. Rf6 g3 68. Rg6+ Kf8 69. Rf6+ Kg8 70. fxg3 Qg4+ 71. Ke7
Qxg3 72. Rf8+ Kh7 73. e6 Qa3 74. Rc8 Kg7 75. Kd7 Qa4+ 76. Rc6 Kf8 77. e7+ 1-0

[Event "Europa ch s-18"]
[Site "Herceg Novi MNT"]
[Date "2008.09.18"]
[Round "4.5"]
[White "Martinovic, Sasa"]
[Black "Stupak, Kirill"]
[Result "1/2-1/2"]
[WhiteElo "2395"]
[BlackElo "2458"]
[PlyCount "51"]
[EventDate "2008.09.15"]
[EventType "swiss"]
[EventRounds "9"]
[Source "lmi"]
[SourceDate "2008.09.15"]

1. d4 e6 2. c4 Nf6 3. Nc3 Bb4 4. g3 c5 5. Nf3 cxd4 6. Nxd4 Ne4 7. Qd3 Qa5 8.
Nb3 Nxc3 9. Bd2 Ne4 10. Nxa5 Bxd2+ 11. Qxd2 Nxd2 12. Kxd2 Nc6 13. Nb3 b6 14.
Bg2 Bb7 15. Rhd1 Ke7 16. Ke1 Rac8 17. c5 Nd8 18. Bxb7 Nxb7 19. cxb6 axb6 20.
Rd4 Rc2 21. Rad1 d5 22. e4 Rxb2 23. exd5 exd5 24. Rxd5 Rd8 25. Rxd8 Nxd8 26.
Rd2 1/2-1/2

[Event "Europa ch s-18"]
[Site "Herceg Novi MNT"]
[Date "2008.09.18"]
[Round "4.9"]
[White "Tereick, Benjamin"]
[Black "Piorun, Kacper"]
[Result "0-1"]
[WhiteElo "2382"]
[BlackElo "2445"]
[PlyCount "102"]
[EventDate "2008.09.15"]
[EventType "swiss"]
[EventRounds "9"]
[Source "lmi"]
[SourceDate "2008.09.15"]

1. Nf3 g6 2. d4 Bg7 3. c4 Nf6 4. Nc3 d6 5. e4 O-O 6. h3 e5 7. dxe5 dxe5 8. Qxd8
Rxd8 9. Bg5 c6 10. Nxe5 Re8 11. O-O-O Na6 12. Rd6 Be6 13. Bf4 Nc5 14. f3 Nh5
15. Bh2 Bxh3 16. Nxc6 Bxg2 17. Bxg2 bxc6 18. Rxc6 Nd3+ 19. Kd2 Rad8 20. Nd5
Ndf4 21. Bf1 Bxb2 22. Kc2 Be5 23. Bh3 Rb8 24. Bxf4 Rb2+ 25. Kc1 Nxf4 26. Nxf4
Rxa2 27. Rd1 Bxf4+ 28. Kb1 Ra4 29. Bc8 h5 30. Kb2 Rb4+ 31. Kc3 Rb8 32. Bh3 Re7
33. Ra6 Reb7 34. Ra2 Kg7 35. Rd7 Rxd7 36. Bxd7 Rb7 37. Bh3 Rc7 38. Kb3 Kf6 39.
Kb4 Kg5 40. Bf1 Bd6+ 41. Kb5 Kf4 42. Rd2 Be5 43. Rd3 g5 44. c5 Kg3 45. c6 Bf4
46. Rb3 h4 47. Kc5 f6 48. Kd5 Re7 49. Rb7 Rxb7 50. cxb7 a5 51. Ke6 Be5 0-1

[Event "Europa ch s-18"]
[Site "Herceg Novi MNT"]
[Date "2008.09.18"]
[Round "4.11"]
[White "Chirila, Ioan Cristian"]
[Black "Shukh, Nikolai"]
[Result "1-0"]
[WhiteElo "2425"]
[BlackElo "2370"]
[PlyCount "120"]
[EventDate "2008.09.15"]
[EventType "swiss"]
[EventRounds "9"]
[Source "lmi"]
[SourceDate "2008.09.15"]

1. e4 c5 2. Nf3 d6 3. d4 cxd4 4. Nxd4 Nf6 5. Nc3 g6 6. Be3 Bg7 7. f3 O-O 8. Qd2
Nc6 9. Bc4 Nd7 10. O-O Nb6 11. Be2 Ne5 12. b3 d5 13. Rad1 dxe4 14. Nxe4 Nd5 15.
Bf2 a6 16. c4 Nf6 17. Nc3 Bd7 18. Qe3 Qa5 19. Nc2 Nc6 20. Na4 Bf5 21. Qc1 Qe5
22. Rfe1 Bxc2 23. Qxc2 Rad8 24. Bf1 Qf4 25. Bb6 Rxd1 26. Qxd1 Nh5 27. g3 Qf6
28. f4 e5 29. fxe5 Nxe5 30. Bg2 Qg5 31. Qd5 Re8 32. Rf1 Nf6 33. Qxb7 Nfg4 34.
Qd5 Ne3 35. Qd2 N5g4 36. h3 Nh2 37. Re1 Bh6 38. Qf2 Qe7 39. Bxe3 Bxe3 40. Rxe3
Qxe3 41. Qxe3 Rxe3 42. Kxh2 Kf8 43. Nc5 a5 44. Nb7 a4 45. bxa4 Ra3 46. c5 Rxa2
47. a5 Ke7 48. c6 f5 49. h4 h6 50. Kh3 g5 51. hxg5 hxg5 52. Bd5 Ra3 53. c7 Rc3
54. a6 Rxc7 55. a7 Rc8 56. Na5 Kd6 57. a8=Q Rxa8 58. Bxa8 Ke5 59. Nc4+ Kd4 60.
Nd6 Ke5 1-0

[Event "Europa ch s-18"]
[Site "Herceg Novi MNT"]
[Date "2008.09.18"]
[Round "4.13"]
[White "Vila Gazquez, Xavier"]
[Black "Kulakov, Viacheslav"]
[Result "1-0"]
[WhiteElo "2419"]
[BlackElo "2360"]
[PlyCount "69"]
[EventDate "2008.09.15"]
[EventType "swiss"]
[EventRounds "9"]
[Source "lmi"]
[SourceDate "2008.09.15"]

1. e4 e6 2. d3 d5 3. Nd2 c5 4. g3 g6 5. Bg2 Bg7 6. Ngf3 Ne7 7. O-O O-O 8. Re1
Nbc6 9. c3 b5 10. Nb3 Qb6 11. exd5 Nxd5 12. c4 Ndb4 13. Be3 Na6 14. d4 bxc4 15.
dxc5 Qc7 16. Nbd2 Rd8 17. Qa4 Rb8 18. Nxc4 Rb4 19. Qc2 Na5 20. Nxa5 Rxb2 21.
Qa4 Rb4 22. Qc6 Qxa5 23. Rad1 Bb7 24. Rxd8+ Qxd8 25. Qd6 Qc8 26. c6 Qxc6 27.
Qd8+ Bf8 28. Rd1 Nc7 29. Bh6 Ne8 30. Ne1 Qa4 31. Bxf8 Kxf8 32. Rd7 Rb1 33. Qe7+
Kg8 34. Qxf7+ Kh8 35. Qf8# 1-0

[Event "Europa ch s-18"]
[Site "Herceg Novi MNT"]
[Date "2008.09.18"]
[Round "4.17"]
[White "Samolins, Vitalijs"]
[Black "Dzalbo, Andrejs"]
[Result "0-1"]
[WhiteElo "2444"]
[BlackElo "2102"]
[PlyCount "80"]
[EventDate "2008.09.15"]
[EventType "swiss"]
[EventRounds "9"]
[Source "lmi"]
[SourceDate "2008.09.15"]

1. e4 e6 2. d3 b6 3. g3 Bb7 4. Bg2 g6 5. f4 Bg7 6. Nf3 Ne7 7. O-O O-O 8. c4
Nbc6 9. Nc3 Nd4 10. Be3 Nxf3+ 11. Qxf3 Nf5 12. Bf2 Nd4 13. Qd1 d6 14. Ne2 Nxe2+
15. Qxe2 c5 16. Rad1 Qc7 17. d4 Rad8 18. d5 Rfe8 19. Qc2 exd5 20. cxd5 Bc8 21.
b4 f5 22. e5 dxe5 23. bxc5 e4 24. Rfe1 bxc5 25. Qxc5 Qxc5 26. Bxc5 Rd7 27. d6
Ba6 28. g4 Rc8 29. Bb4 Rc4 30. a3 Bd4+ 31. Kh1 Bf2 32. gxf5 Bxe1 33. Rxe1 gxf5
34. Bh3 Bb7 35. Re3 Rg7 36. Bg2 Rc1+ 37. Be1 Rd1 38. Kg1 Rxd6 39. Kf2 Rc7 40.
Bh3 Rc2+ 0-1

[Event "Europa ch s-18"]
[Site "Herceg Novi MNT"]
[Date "2008.09.18"]
[Round "4.18"]
[White "Matsenko, Sergei"]
[Black "Hanley, James L"]
[Result "1/2-1/2"]
[WhiteElo "2440"]
[BlackElo "2243"]
[PlyCount "86"]
[EventDate "2008.09.15"]
[EventType "swiss"]
[EventRounds "9"]
[Source "lmi"]
[SourceDate "2008.09.15"]

1. e4 c5 2. Nf3 d6 3. d4 cxd4 4. Nxd4 Nf6 5. Nc3 g6 6. g3 Nc6 7. Nde2 Bg7 8.
Bg2 O-O 9. O-O Rb8 10. a4 a6 11. Nd5 Nd7 12. c3 b5 13. axb5 axb5 14. Nd4 Nde5
15. f4 Nxd4 16. fxe5 Nc6 17. exd6 Qxd6 18. Nf6+ Kh8 19. Qxd6 exd6 20. Be3 Ne5
21. Rad1 Be6 22. Rxd6 Nc4 23. Bf4 Rbc8 24. Nd5 Nxd6 25. Bxd6 Rfd8 26. e5 Bf8
27. Ne7 Bxe7 28. Bxe7 Rd2 29. Rf2 Rd1+ 30. Rf1 Rxf1+ 31. Kxf1 Bc4+ 32. Kf2 Rc7
33. Bd6 Ra7 34. Ke3 Ra1 35. Bf3 Kg7 36. h4 Rb1 37. Ba3 Re1+ 38. Kf4 h5 39. Be7
Rb1 40. Ba3 Rf1 41. Ke3 Re1+ 42. Kf4 Rf1 43. Ke3 Re1+ 1/2-1/2

[Event "Europa ch s-18"]
[Site "Herceg Novi MNT"]
[Date "2008.09.18"]
[Round "4.20"]
[White "Kasela, Sten"]
[Black "Guilleux, Fabien"]
[Result "0-1"]
[WhiteElo "1979"]
[BlackElo "2397"]
[PlyCount "86"]
[EventDate "2008.09.15"]
[EventType "swiss"]
[EventRounds "9"]
[Source "lmi"]
[SourceDate "2008.09.15"]

1. d4 Nf6 2. c4 g6 3. Nc3 Bg7 4. e4 d6 5. f3 O-O 6. Be3 c5 7. dxc5 dxc5 8. Qxd8
Rxd8 9. Bxc5 Nc6 10. Nge2 Nd7 11. Ba3 Nde5 12. Nf4 e6 13. Rd1 Rxd1+ 14. Kxd1
Na5 15. Kc2 Nexc4 16. Bxc4 Nxc4 17. Bc5 b6 18. Bf2 Ba6 19. g3 Rd8 20. Rd1 Rxd1
21. Nxd1 Ne5 22. Bd4 Nxf3 23. Bxg7 Kxg7 24. h4 Kf6 25. Nf2 Ke5 26. Kc3 h5 27.
b4 Bb5 28. a3 Nh2 29. N4h3 Ng4 30. Nxg4+ hxg4 31. Nf2 f5 32. exf5 exf5 33. Kd2
Kd4 34. Nd1 a6 35. Nf2 f4 36. gxf4 g3 37. Nh3 Ke4 38. Ke1 Kf3 39. f5 gxf5 40.
h5 f4 41. Kd2 Be8 42. h6 Bg6 43. Ke1 Kg4 0-1

[Event "Europa ch s-18"]
[Site "Herceg Novi MNT"]
[Date "2008.09.18"]
[Round "4.21"]
[White "Nemes, Silviu-Virgil"]
[Black "Sarenac, David"]
[Result "1/2-1/2"]
[WhiteElo "2273"]
[BlackElo "2222"]
[PlyCount "73"]
[EventDate "2008.09.15"]
[EventType "swiss"]
[EventRounds "9"]
[Source "lmi"]
[SourceDate "2008.09.15"]

1. e4 c5 2. Nf3 e6 3. Nc3 Nc6 4. Bb5 Nd4 5. O-O a6 6. Bd3 Nc6 7. b3 g5 8. Bb2
Bg7 9. Na4 Bxb2 10. Nxb2 h6 11. c3 Nge7 12. Bc2 d5 13. d4 cxd4 14. Nxd4 Qc7 15.
Rc1 Bd7 16. Qh5 Ne5 17. c4 dxe4 18. Bxe4 O-O-O 19. Nb5 Qb8 20. Rfd1 Bc6 21. Na4
axb5 22. cxb5 Rxd1+ 23. Qxd1 Rd8 24. Qe2 Qd6 25. bxc6 N7xc6 26. Bxc6 Nxc6 27.
Nb6+ Kc7 28. Nc4 Qc5 29. Rd1 Nd4 30. Qe3 Kb8 31. h3 Rd5 32. Re1 f6 33. Nd2 Qc2
34. Nf3 e5 35. Nxd4 Rxd4 36. Re2 Qc6 37. Re1 1/2-1/2

[Event "Europa ch s-18"]
[Site "Herceg Novi MNT"]
[Date "2008.09.18"]
[Round "4.25"]
[White "Pacher, Milan"]
[Black "Vajic, Goran"]
[Result "1-0"]
[WhiteElo "2361"]
[BlackElo "2061"]
[PlyCount "57"]
[EventDate "2008.09.15"]
[EventType "swiss"]
[EventRounds "9"]
[Source "lmi"]
[SourceDate "2008.09.15"]

1. e4 c5 2. Nf3 Nc6 3. d4 cxd4 4. Nxd4 Nf6 5. Nc3 e5 6. Ndb5 d6 7. Bg5 a6 8.
Na3 b5 9. Bxf6 gxf6 10. Nd5 f5 11. c3 Bg7 12. exf5 Bxf5 13. Nc2 O-O 14. Nce3
Be6 15. Bd3 f5 16. O-O e4 17. Nf4 Bf7 18. Bc2 Be5 19. Nfd5 Qh4 20. g3 Qh3 21.
f4 Bg7 22. Bb3 Kh8 23. Nc7 Rad8 24. Bxf7 Rxf7 25. Ne6 Bf6 26. Nxd8 Nxd8 27.
Qxd6 Kg7 28. Rad1 Nb7 29. Qe6 1-0

[Event "Europa ch s-18"]
[Site "Herceg Novi MNT"]
[Date "2008.09.18"]
[Round "4.26"]
[White "Froewis, Georg"]
[Black "Green, Andrew D"]
[Result "0-1"]
[WhiteElo "2269"]
[BlackElo "2038"]
[PlyCount "60"]
[EventDate "2008.09.15"]
[EventType "swiss"]
[EventRounds "9"]
[Source "lmi"]
[SourceDate "2008.09.15"]

1. e4 c5 2. Nf3 g6 3. d4 cxd4 4. Nxd4 Nc6 5. Nc3 Bg7 6. Be3 Nf6 7. Bc4 O-O 8.
Bb3 d6 9. f3 Bd7 10. Qd2 Nxd4 11. Bxd4 b5 12. h4 a5 13. h5 a4 14. Bxf6 exf6 15.
Bd5 Rc8 16. hxg6 hxg6 17. Ne2 f5 18. a3 fxe4 19. fxe4 Bg4 20. c3 Re8 21. O-O-O
Bxe2 22. Qxe2 b4 23. axb4 a3 24. Rh3 Re7 25. Qa6 axb2+ 26. Kxb2 Rec7 27. Rdd3
Qg5 28. Qa1 Rxc3 29. Rxc3 Rxc3 30. Qa8+ Rc8+ 0-1

[Event "Europa ch s-18"]
[Site "Herceg Novi MNT"]
[Date "2008.09.18"]
[Round "4.27"]
[White "Boyarchenko, Alex"]
[Black "Hrabusa, Matej"]
[Result "1-0"]
[WhiteElo "1941"]
[BlackElo "2246"]
[PlyCount "65"]
[EventDate "2008.09.15"]
[EventType "swiss"]
[EventRounds "9"]
[Source "lmi"]
[SourceDate "2008.09.15"]

1. e4 c5 2. Nf3 e6 3. c3 Nf6 4. e5 Nd5 5. d4 cxd4 6. cxd4 d6 7. Bc4 Nb6 8. Bd3
Nc6 9. O-O Be7 10. Qe2 Nb4 11. Bb5+ Bd7 12. Bxd7+ Qxd7 13. Nc3 d5 14. Bg5 a6
15. Bxe7 Qxe7 16. Rac1 O-O 17. Nd2 Rfc8 18. a3 Nc6 19. Nb3 Nc4 20. f4 b5 21.
Qf2 b4 22. Na4 bxa3 23. bxa3 Qxa3 24. Nac5 Ne7 25. Rc3 Qb4 26. Rh3 h6 27. f5
exf5 28. g4 f4 29. Qxf4 Rf8 30. Nd7 Ng6 31. Nf6+ gxf6 32. Qxh6 Rfb8 33. exf6
1-0

[Event "Europa ch s-18"]
[Site "Herceg Novi MNT"]
[Date "2008.09.18"]
[Round "4.28"]
[White "Omarsson, Dadi"]
[Black "Izso, Daniel"]
[Result "1-0"]
[WhiteElo "2029"]
[BlackElo "2233"]
[PlyCount "83"]
[EventDate "2008.09.15"]
[EventType "swiss"]
[EventRounds "9"]
[Source "lmi"]
[SourceDate "2008.09.15"]

1. e4 c5 2. Nf3 Nc6 3. d4 cxd4 4. Nxd4 Nf6 5. Nc3 e5 6. Ndb5 d6 7. Bg5 a6 8.
Na3 b5 9. Nd5 Be7 10. Bxf6 Bxf6 11. c3 O-O 12. Nc2 Bg5 13. a4 bxa4 14. Rxa4 a5
15. Bc4 Rb8 16. b3 Kh8 17. Nce3 g6 18. O-O f5 19. Qd3 f4 20. Nc2 f3 21. g3 h5
22. Rd1 h4 23. Nde3 Rf6 24. b4 axb4 25. cxb4 hxg3 26. hxg3 Bd7 27. Ra6 Bxe3 28.
Qxe3 Kg7 29. b5 Na5 30. Na3 Nxc4 31. Nxc4 Rxb5 32. Raxd6 Rxd6 33. Nxd6 Rb2 34.
Qc3 Ra2 35. Qb3 Qg8 36. Qb7 Qe6 37. Nc4 Qxc4 38. Rxd7+ Kf6 39. Rd6+ Kg5 40.
Qe7+ Kh6 41. Qh4+ Kg7 42. Qf6+ 1-0